| 000 | 00469 a2200169 4500 | ||
|---|---|---|---|
| 003 | OSt | ||
| 005 | 20240109154741.0 | ||
| 008 | 240109b |||||||| |||| 00| 0 eng d | ||
| 020 | _a9789382581864 | ||
| 040 | _coclc | ||
| 082 |
_a297 _bAKB/C |
||
| 100 |
_aAkbar, M M _92026 |
||
| 245 |
_aCovid kalathe nasthika thamashakal / _cM M Akbar |
||
| 260 |
_aKerala: _bDa'wa books, _c2022. |
||
| 300 | _a106p | ||
| 942 |
_2ddc _cBK _h297 _iAKB/C _k297 _mAKB/C |
||
| 999 |
_c43094 _d43094 |
||